Futuro (Record no. 3940)
[ view plain ]
| 000 -LEADER | |
|---|---|
| campo de control de longitud fija | 01225nam a2200325 i 4500 |
| 005 - FECHA Y HORA DE LA ÚLTIMA TRANSACCIÓN | |
| campo de control | 20230705221731.0 |
| 007 - CAMPO FIJO DE DESCRIPCIÓN FÍSICA--INFORMACIÓN GENERAL | |
| campo de control de longitud fija | ta |
| 008 - DATOS DE LONGITUD FIJA--INFORMACIÓN GENERAL | |
| campo de control de longitud fija | 201210s2019 ck ao b 000 0 spa d |
| 020 ## - NÚMERO INTERNACIONAL ESTÁNDAR DEL LIBRO | |
| Número Internacional Estándar del Libro | 9789583057847 |
| 040 ## - FUENTE DE CATALOGACIÓN | |
| Centro catalogador/agencia de origen | CO-BoRNBP |
| Lengua de catalogación | spa |
| Normas de descripción | rda |
| Centro/agencia transcriptor | CO-BoRNBP |
| 041 1# - CÓDIGO DE IDIOMA | |
| Código de lengua del texto/banda sonora o título independiente | spa |
| Código de lengua original | ger |
| 082 04 - NÚMERO DE LA CLASIFICACIÓN DECIMAL DEWEY | |
| Número de clasificación | 303.49 |
| Número de ítem | F42f |
| Número de edición | 22 |
| 100 1# - ENTRADA PRINCIPAL--NOMBRE DE PERSONA | |
| Nombre de persona | Flessner, Bernd |
| Fechas asociadas al nombre | 1957- |
| Término indicativo de función/relación | autor |
| 9 (RLIN) | 165473 |
| 245 10 - MENCIÓN DEL TÍTULO | |
| Título | Futuro |
| Resto del título | todo se transforma |
| Mención de responsabilidad, etc. | Bernd Flessner ; traducción del alemán Olga Martín Maldonado |
| 250 ## - MENCION DE EDICION | |
| Mención de edición | Primera edición |
| 264 #1 - PRODUCCIÓN, PUBLICACIÓN, DISTRIBUCIÓN, FABRICACIÓN Y COPYRIGHT | |
| Producción, publicación, distribución, fabricación y copyright | Bogotá |
| Nombre del de productor, editor, distribuidor, fabricante | Panamericana |
| Fecha de producción, publicación, distribución, fabricación o copyright | 2019 |
| 300 ## - DESCRIPCIÓN FÍSICA | |
| Extensión | 48 páginas |
| Otras características físicas | ilustraciones, fotografías |
| Dimensiones | 28 cm |
| 336 ## - TIPO DE CONTENIDO | |
| Fuente | rdacontent |
| Término de tipo de contenido | texto |
| Código de tipo de contenido | txt |
| 337 ## - TIPO DE MEDIO | |
| Fuente | rdamedia |
| Nombre/término del tipo de medio | sin mediación |
| Código del tipo de medio | n |
| 338 ## - TIPO DE SOPORTE | |
| Fuente | rdacarrier |
| Nombre/término del tipo de soporte | volumen |
| Código del tipo de soporte | nc |
| 490 0# - MENCIÓN DE SERIE | |
| Mención de serie | Cómo y por qué |
| 500 ## - NOTA GENERAL | |
| Nota general | Incluye glosario al final del texto |
| 521 ## - NOTA DE PÚBLICO DESTINATARIO | |
| Nota de público destinatario | Recomendado para un público infantil mayor de 9 años |
| 534 ## - NOTA SOBRE LA VERSIÓN ORIGINAL | |
| Mención de título del original | Zukunft alles im wandel |
| 650 17 - PUNTO DE ACCESO ADICIONAL DE MATERIA--TÉRMINO DE MATERIA | |
| Fuente del encabezamiento o término | LEMB |
| Término de materia o nombre geográfico como elemento de entrada | Innovaciones tecnológicas |
| Subdivisión general | Literatura infantil |
| 9 (RLIN) | 165474 |
| 650 17 - PUNTO DE ACCESO ADICIONAL DE MATERIA--TÉRMINO DE MATERIA | |
| Fuente del encabezamiento o término | LEMB |
| Término de materia o nombre geográfico como elemento de entrada | Automatización |
| Subdivisión general | Literatura infantil |
| 9 (RLIN) | 164930 |
| 650 17 - PUNTO DE ACCESO ADICIONAL DE MATERIA--TÉRMINO DE MATERIA | |
| Fuente del encabezamiento o término | LEMB |
| Término de materia o nombre geográfico como elemento de entrada | Tecnología y civilización |
| Subdivisión general | Literatura infantil |
| 9 (RLIN) | 164931 |
| 700 1# - ENTRADA AGREGADA--NOMBRE PERSONAL | |
| Nombre de persona | Martín Maldonado, Olga |
| Término indicativo de función/relación | traductora |
| 9 (RLIN) | 165475 |
| 942 ## - ELEMENTOS DE ENTRADA SECUNDARIOS (KOHA) | |
| Fuente del sistema de clasificación o colocación | Clasificación Decimal Dewey |
| Tipo de ítem Koha | |
No items available.